000 00827nam a22002897a 4500
001 31908
003 UA-OsUOA
005 20211204214148.0
007 ta
008 20050114b un ||||| |||| 00| 0 ukr d
020 _a966-7162-15-Х
040 _aUA-OsUOA
_bukr
_cUA-OsUOA
_dUA-OsUOA
041 _aukr
044 _aUA
080 _a94(477)
090 _a94(477)
_bЛ64
100 _aЛялька Я.
245 _aЛітопис нескореної України: документи, матеріали, спогади
_nкн. 2
260 _aЛьвів
_bГалицька Видавнича Спілка
_c1997
300 _a664 с.
_bІлюстрації
650 7 _2UDC
700 _aКоритко Р.
700 _aОнишкевич М.
700 _aСливка Ю.
942 _cBK
_2udc
955 _a2
999 _c318343
_d318343